Puss 'n cahoots / Rita Mae Brown & Sneaky Pie ... Read More
Available copies
- 1 of 1 copy available at LARL/NWRL Consortium.
- 1 of 1 copy available at Lake Agassiz Regional Library. (Show preferred library)
Current holds
0 current holds with 1 total copy.
Show Only Available Copies
| Location | Call Number / Copy Notes | Barcode | Shelving Location | Status | Due Date |
|---|---|---|---|---|---|
| Hawley Public Library | M BRO (Text) | 33500014135198 | Main | Available | - |
Record details
- ISBN: 9780553586824
- ISBN: 9780553803648 (hardcover)
- ISBN: 0553803646 (hardcover)
- Physical Description: xiv, 252 p. : ill. ; 24 cm.
- Publisher: New York : Bantam Books, 2007.
Search for related items by subject
| Genre: | Mystery fiction. |
Search for related items by series
| LDR | 01474cam a22003854a 4500 | ||
|---|---|---|---|
| 001 | 74178 | ||
| 003 | LARL_NWRL_CONSORTIUM | ||
| 005 | 20241216195933.0 | ||
| 008 | 061106s2007 nyua 000 1 eng | ||
| 020 | . | ‡a9780553586824 | |
| 020 | . | ‡a9780553803648 (hardcover) | |
| 020 | . | ‡a0553803646 (hardcover) | |
| 035 | . | ‡a(OCoLC)76074281 | |
| 043 | . | ‡an-us-ky | |
| 082 | 0 | 0. | ‡a813/.54 ‡222 |
| 100 | 1 | . | ‡aBrown, Rita Mae. ‡0(LARL_NWRL_CONSORTIUM)50110 |
| 245 | 1 | 0. | ‡aPuss 'n cahoots / ‡cRita Mae Brown & Sneaky Pie Brown ; illustrations by Michael Gellatly. |
| 260 | . | ‡aNew York : ‡bBantam Books, ‡c2007. | |
| 300 | . | ‡axiv, 252 p. : ‡bill. ; ‡c24 cm. | |
| 490 | 0 | . | ‡aMrs. Murphy ; ‡v15 |
| 650 | . | ‡aAdult Mystery | |
| 650 | 0. | ‡aHaristeen, Harry (Fictitious character) ‡vFiction. ‡0(LARL_NWRL_CONSORTIUM)169551 | |
| 650 | 0. | ‡aMurphy, Mrs. (Fictitious character) ‡vFiction. ‡0(LARL_NWRL_CONSORTIUM)173550 | |
| 650 | 0. | ‡aWomen postal service employees ‡vFiction. | |
| 650 | 0. | ‡aWomen detectives ‡zKentucky ‡vFiction. | |
| 650 | 0. | ‡aHorse shows ‡zKentucky ‡zShelbyville. | |
| 650 | 0. | ‡aWomen cat owners ‡vFiction. ‡0(LARL_NWRL_CONSORTIUM)167905 | |
| 650 | 0. | ‡aCats ‡vFiction. ‡0(LARL_NWRL_CONSORTIUM)164102 | |
| 655 | 7. | ‡aMystery fiction. ‡2gsafd | |
| 901 | . | ‡a74178 ‡bOCLC ‡c74178 ‡tbiblio | |

Add to basket
Permalink
Disable Highlighting